ingredients in Chex Mix - Statistics

General Stats
  • This quiz has been taken 17 times
  • The average score is 4 of 6
Answer Stats
% Correct
Corn Chex
79%
Wheat Chex
79%
Squiggly breadstick
71%
Rye chip
64%
Round Pretzel
50%
Square Pretzel
50%
No matching quizzes found
Score Distribution
Percent of People with Each Score
Percentile by Number Answered
Your Score History
You have not taken this quiz